"Synthesis, structural characterization and biological studies of metal complexes derived from antipyrine derivatives" (Record no. 244290)

MARC details
000 -LEADER
fixed length control field 00443nam a2200145Ia 4500
008 - FIXED-LENGTH DATA ELEMENTS--GENERAL INFORMATION
fixed length control field 240823s9999||||xx |||||||||||||| ||und||
082 ## - DEWEY DECIMAL CLASSIFICATION NUMBER
-- 546.3 Q3
100 ## - MAIN ENTRY--PERSONAL NAME
Personal name "Ayisha Bibin Rani,G"
245 #0 - TITLE STATEMENT
Title "Synthesis, structural characterization and biological studies of metal complexes derived from antipyrine derivatives"
260 ## - PUBLICATION, DISTRIBUTION, ETC. (IMPRINT)
Date of publication, distribution, etc 2013
500 ## - GENERAL NOTE
General note YES
650 ## - SUBJECT ADDED ENTRY--TOPICAL TERM
Topical term or geographic name as entry element Biological studies
942 ## - ADDED ENTRY ELEMENTS (KOHA)
Item type Thesis
Holdings
Withdrawn status Lost status Damaged status Permanent location Current location Shelving location Date acquired Full call number Barcode Date last seen Koha item type
      CENTRAL LIBRARY, NOORUL ISLAM CENTRE FOR HIGHER EDUCATION CENTRAL LIBRARY, NOORUL ISLAM CENTRE FOR HIGHER EDUCATION   11/18/2013 546.3 Q3 TD004 08/23/2024 Thesis
Visitors:
Copyright © 2024 Central Library NICHE.  All rights reserved.